| 000 | 00893cam a22002655a 4500 | ||
|---|---|---|---|
| 001 | 8625467 | ||
| 005 | 20151102141405.0 | ||
| 008 | 101028t2011 ii a frb 001 0 eng d | ||
| 020 | _a8126541253 | ||
| 020 | _a9788126541256 | ||
| 040 |
_aDLC _cDLC _dEG-ScBUE _beng |
||
| 082 | 0 | 4 |
_a004.678 _222 _bCLO |
| 245 | 0 | 0 |
_aCloud computing : _bprinciples and paradigms / _cedited by Rajkumar Buyya, James Broberg, Andrzej Goscinski. |
| 260 |
_aNew Delhi : _bWiley India Pvt. Ltd, _cc.2011. |
||
| 300 |
_axxv, 637 p. : _bill. ; _c25 cm. |
||
| 500 | _aIndex : p. 635-637. | ||
| 504 | _aIncludes bibliographical references. | ||
| 650 | 7 |
_aCloud computing. _2BUEsh _937309 |
|
| 651 | _2BUEsh | ||
| 653 |
_bCOMSCI _cJune2015 _cNovember2015 |
||
| 700 | 1 |
_aBuyya, Rajkumar, _d1970-, _eeditor. |
|
| 700 | 1 |
_aBroberg, James, _eeditor. |
|
| 700 | 1 |
_aGościński, Andrzej, _eeditor. |
|
| 942 |
_2ddc _k004.678 CLO |
||
| 999 |
_c19926 _d19898 |
||